000 00392 a2200145 4500
005 20260313115857.0
020 _a9781440878190
100 _aLANNING,S
245 _aConcise Guide to Information Literacy
250 _a3th Ed
260 _aCalifornia
_blibraries unlimited
_c2022
300 _axxi,196p;ill; graphy,table
_bBibliograpy and index
_c23cm
700 _aGERRITY,C
942 _2ddc
_cBKS
999 _c6805
_d6805